000 00947nam a2200217Ia 4500
001 19835
003 GE_BSU
008 181216s||||||||xx |||||||||||||| ||und||
040 _cGE_BSU
080 _a02
245 _aბეჭდვითი ნაწარმოებთა აღწერილობის ერთიანი წესები
245 _cმთარგმნ. ვ. ანთელავა. აღწერილობათა ნიმუშები შეარჩია თ. დონდუამ. რედ. თ. ნაკაშიძე
260 _aთბილისი
260 _c1954
300 _a190გვ. 21სმ.
541 _h6ლ.75თ.
653 _aბეჭდვითი ნაწარმოებთა აღწერილობის ერთიანი წესები
653 _aბიბლიოთეკარი
653 _aქსეროქსი
942 _cBK
999 _c52805
_d52805